[Event "WC-2016-P-00016"]
[Site "LSS email"]
[Date "2012.02.12"]
[Round "?"]
[White "Eide, John Henning"]
[Black "Parker, Steph"]
[Result "0-1"]
[WhiteElo "1593"]
[BlackElo "1514"]
[PlyCount "40"]
[EventDate "2012.02.15"]
[EventType "tourn (corr)"]
[EventRounds "12"]
[EventCountry "GER"]
[SourceTitle "Telechess CBM 165"]
[Source "ChessBase"]
[SourceDate "2015.03.11"]
[SourceVersion "1"]
[SourceVersionDate "2015.03.11"]
[SourceQuality "1"]

1. d4 Nf6 2. c4 e6 3. Nc3 Bb4 4. Nf3 c5 5. e3 0-0 6. Bd2 cxd4 7. exd4 d5 8. a3 Bxc3 9. Bxc3 Nc6 10. Bd3 dxc4 11. Bxc4 b6 12. Bd3 Bb7 13. 0-0 Qd6 14. Rc1 Rfd8 15. Qe2 Rac8 16. Rfe1 Qf4 17. Rc2 Qg4 18. h3 Qh5 19. Rec1 h6 20. Ba6 Bxa6 0-1

[Event "BI-2011-F-00019"]
[Site "LSS email"]
[Date "2012.02.12"]
[Round "?"]
[White "Parker, Steph"]
[Black "Ausan, Leo Tito Jr"]
[Result "1-0"]
[WhiteElo "1514"]
[BlackElo "1151"]
[PlyCount "61"]
[EventDate "2012.02.15"]
[EventType "tourn (corr)"]
[EventRounds "10"]
[EventCountry "GER"]
[SourceTitle "Telechess CBM 165"]
[Source "ChessBase"]
[SourceDate "2015.03.11"]
[SourceVersion "1"]
[SourceVersionDate "2015.03.11"]
[SourceQuality "1"]

1. e4 c5 2. Nc3 Nc6 3. f4 e6 4. Nf3 d6 5. Bb5 Bd7 6. d3 Nge7 7. 0-0 a6 8. Bxc6 Bxc6 9. d4 cxd4 10. Nxd4 Qc7 11. Nxc6 Nxc6 12. f5 0-0-0 13. fxe6 fxe6 14. Qg4 Qd7 15. Bg5 Re8 16. Na4 Kb8 17. Qd1 h6 18. Bf4 g5 19. Bg3 Qc7 20. Rxf8 e5 21. Rf6 Rd8 22. Bf2 Qe7 23. Rg6 h5 24. Bb6 Rd7 25. Qd5 Rf8 26. Rg8 Qf7 27. Nc5 Rdd8 28. Qxf7 Rxf7 29. Bxd8 Nxd8 30. Rxd8+ Kc7 31. Ne6+ 1-0

[Event "CP-2011-P-00055"]
[Site "LSS email"]
[Date "2011.09.30"]
[Round "?"]
[White "Parker, Steph"]
[Black "Bulgarini Torre, Marco"]
[Result "0-1"]
[WhiteElo "1514"]
[BlackElo "1945"]
[PlyCount "62"]
[EventDate "2011.10.01"]
[EventType "tourn (corr)"]
[EventRounds "6"]
[EventCountry "GER"]
[SourceTitle "Telechess CBM 165"]
[Source "ChessBase"]
[SourceDate "2015.03.11"]
[SourceVersion "1"]
[SourceVersionDate "2015.03.11"]
[SourceQuality "1"]

1. e4 e5 2. Nf3 Nc6 3. d4 exd4 4. Bc4 Bb4+ 5. c3 dxc3 6. bxc3 Ba5 7. 0-0 d6 8. Qb3 Qe7 9. e5 Nxe5 10. Nbd2 Bb6 11. Nxe5 dxe5 12. Ba3 c5 13. f4 Nh6 14. Rae1 0-0 15. Rxe5 Qc7 16. Qc2 Kh8 17. Nb3 f6 18. Re3 Nf5 19. Ree1 Nd6 20. Bd5 Bf5 21. Qc1 c4+ 22. Nd4 Bd3 23. Rf3 Rfd8 24. Bxd6 Bxd4+ 25. cxd4 Qxd6 26. Bxb7 Rab8 27. Qb2 g6 28. Rfe3 Rd7 29. Re8+ Kg7 30. R8e6 Qc7 31. Qf2 Rxb7 0-1

[Event "CP-2011-P-00055"]
[Site "LSS email"]
[Date "2011.09.30"]
[Round "?"]
[White "Schild, Reinhard"]
[Black "Parker, Steph"]
[Result "1-0"]
[WhiteElo "2001"]
[BlackElo "1514"]
[PlyCount "119"]
[EventDate "2011.10.01"]
[EventType "tourn (corr)"]
[EventRounds "6"]
[EventCountry "GER"]
[SourceTitle "Telechess CBM 165"]
[Source "ChessBase"]
[SourceDate "2015.03.11"]
[SourceVersion "1"]
[SourceVersionDate "2015.03.11"]
[SourceQuality "1"]

1. d4 Nf6 2. c4 e6 3. g3 d5 4. Bg2 Be7 5. Nf3 0-0 6. 0-0 dxc4 7. Qc2 a6 8. Qxc4 b5 9. Qc2 Bb7 10. Bd2 Be4 11. Qc1 Nbd7 12. Ba5 Rc8 13. Nbd2 Bb7 14. a3 h6 15. Rd1 Nb6 16. Nb3 Nc4 17. Bc3 Ne4 18. Nc5 Bd5 19. b3 Nb6 20. Bb4 Nxc5 21. dxc5 Nd7 22. Qc2 a5 23. Bxa5 Nxc5 24. Nd4 Bxg2 25. Kxg2 Qd5+ 26. f3 Bd6 27. e4 Qh5 28. Nc6 Nb7 29. Bb4 Rfe8 30. Bxd6 Nxd6 31. a4 bxa4 32. bxa4 Ra8 33. a5 Ra6 34. e5 Nf5 35. Rd3 Qg6 36. Kf2 Qg5 37. Qc5 Rea8 38. Nb4 R6a7 39. a6 Kh7 40. Ra2 f6 41. exf6 Qxf6 42. Re2 Qf7 43. Re5 Rxa6 44. Nxa6 Rxa6 45. Qc2 g6 46. g4 Ng7 47. Qd2 Qf6 48. Ra5 Rb6 49. Kg3 h5 50. g5 Qf8 51. Rd8 Rd6 52. Rxf8 Rxd2 53. Rf7 Rc2 54. Ra8 h4+ 55. Kh3 Rc5 56. Kxh4 Rc4+ 57. Kg3 e5 58. Re8 Rf4 59. Rxc7 Rc4 60. Rce7 1-0

[Event "ZL-2011-0-00946"]
[Site "LSS email"]
[Date "2011.06.24"]
[Round "?"]
[White "Parker, Steph"]
[Black "Kratky, Josef"]
[Result "1-0"]
[WhiteElo "1454"]
[BlackElo "901"]
[PlyCount "37"]
[EventDate "2011.06.16"]
[EventType "match (corr)"]
[EventRounds "2"]
[EventCountry "GER"]
[SourceTitle "Telechess CBM 149"]
[Source "ChessBase"]
[SourceDate "2012.07.17"]
[SourceVersion "1"]
[SourceVersionDate "2012.07.17"]
[SourceQuality "1"]

1. e4 c5 2. Nc3 Nc6 3. f4 d6 4. Nf3 g6 5. Bb5 Bg7 6. 0-0 Bg4 7. h3 Bxf3 8. Qxf3 Qb6 9. Nd5 Qd8 10. d3 a6 11. Bxc6+ bxc6 12. Nc3 e6 13. f5 Qc7 14. fxe6 fxe6 15. e5 d5 16. Na4 Qxe5 17. Qf7+ Kd8 18. Bg5+ Kc8 19. Nb6+ 1-0

[Event "SE-2011-0-00075"]
[Site "LSS email"]
[Date "2011.06.23"]
[Round "?"]
[White "Molano Lafuente, Ismael"]
[Black "Parker, Steph"]
[Result "0-1"]
[WhiteElo "1031"]
[BlackElo "1487"]
[PlyCount "88"]
[EventDate "2011.05.05"]
[EventType "tourn (corr)"]
[EventRounds "6"]
[EventCountry "GER"]
[SourceTitle "Corr 2015"]
[Source "ChessBase"]
[SourceDate "2015.07.17"]
[SourceVersion "1"]
[SourceVersionDate "2015.07.17"]
[SourceQuality "1"]

1. e4 c5 2. Nf3 g6 3. d4 cxd4 4. Qxd4 Nf6 5. Nc3 Nc6 6. Qa4 d6 7. Bg5 Bg7 8. Bb5 Bd7 9. 0-0 0-0 10. Nd5 Re8 11. Nxf6+ exf6 12. Bf4 a6 13. Bd3 Ne5 14. Qb4 Nxf3+ 15. gxf3 f5 16. exf5 Bc6 17. fxg6 hxg6 18. Rae1 Qf6 19. Re3 d5 20. Rfe1 Rxe3 21. fxe3 Re8 22. Kf2 d4 23. Qxd4 Qxd4 24. exd4 Bxd4+ 25. Be3 Bxb2 26. c4 Kg7 27. Re2 Be5 28. f4 Bf6 29. Kg3 Rd8 30. Bc2 Rh8 31. f5 g5 32. Bc5 b5 33. Bd3 Rd8 34. Re3 bxc4 35. Bxc4 Rd1 36. Bxa6 Rg1+ 37. Kf2 Rg2+ 38. Ke1 Rxa2 39. Be2 Ra1+ 40. Kd2 Ra2+ 41. Ke1 Ra5 42. Bd6 Rxf5 43. Bc4 Ra5 44. Bd3 Bc3+ 0-1

[Event "SE-2011-0-00074"]
[Site "LSS email"]
[Date "2011.06.05"]
[Round "?"]
[White "Parker, Steph"]
[Black "Gomgar, Joquin"]
[Result "0-1"]
[WhiteElo "1345"]
[BlackElo "1406"]
[PlyCount "74"]
[EventDate "2011.04.21"]
[EventType "tourn (corr)"]
[EventRounds "6"]
[EventCountry "GER"]
[SourceTitle "Telechess CBM 151"]
[Source "ChessBase"]
[SourceDate "2012.11.13"]
[SourceVersion "1"]
[SourceVersionDate "2012.11.13"]
[SourceQuality "1"]

1. e4 e5 2. Nf3 Nc6 3. d4 exd4 4. Bc4 Nf6 5. e5 d5 6. Bb5 Ne4 7. Nxd4 Bd7 8. Bxc6 bxc6 9. 0-0 Be7 10. f3 Nc5 11. f4 0-0 12. Nc3 f6 13. b3 fxe5 14. fxe5 Qe8 15. Rxf8+ Bxf8 16. Bf4 Qg6 17. Qd2 Be7 18. Rf1 Ne6 19. Be3 Bb4 20. Nf3 a5 21. h3 Rd8 22. a3 Bxa3 23. Nh4 Qg3 24. Nf3 Bb4 25. Qd3 Nc5 26. Ne2 Qxf3 27. Rxf3 Nxd3 28. cxd3 c5 29. Bg5 Re8 30. Bf4 c4 31. d4 cxb3 32. Rxb3 c5 33. Be3 a4 34. Rb1 a3 35. dxc5 Rxe5 36. Bd4 Rxe2 37. Rxb4 a2 0-1

[Event "SE-2011-0-00074"]
[Site "LSS email"]
[Date "2011.06.05"]
[Round "?"]
[White "Winter, Malcolm J"]
[Black "Parker, Steph"]
[Result "0-1"]
[WhiteElo "1048"]
[BlackElo "1345"]
[PlyCount "48"]
[EventDate "2011.04.21"]
[EventType "tourn (corr)"]
[EventRounds "6"]
[EventCountry "GER"]
[SourceTitle "Telechess CBM 151"]
[Source "ChessBase"]
[SourceDate "2012.11.13"]
[SourceVersion "1"]
[SourceVersionDate "2012.11.13"]
[SourceQuality "1"]

1. d4 Nf6 2. c4 e6 3. Nc3 Bb4 4. Qc2 Nc6 5. e3 d6 6. a3 Bxc3+ 7. Qxc3 0-0 8. Bd3 e5 9. d5 Ne7 10. e4 Nd7 11. b4 c5 12. Nf3 a5 13. b5 f5 14. Ng5 Nf6 15. 0-0 h6 16. Nf3 fxe4 17. Nxe5 exd3 18. Nxd3 Ng6 19. Bb2 Bf5 20. Rad1 Rf7 21. Rfe1 Ne4 22. Qc2 Qg5 23. Bc1 Qh4 24. Qe2 Nc3 0-1

[Event "ZL-2011-0-00933"]
[Site "LSS email"]
[Date "2011.06.03"]
[Round "?"]
[White "Horse, Madera"]
[Black "Parker, Steph"]
[Result "0-1"]
[WhiteElo "1279"]
[BlackElo "1373"]
[PlyCount "56"]
[EventDate "2011.05.31"]
[EventType "match (corr)"]
[EventRounds "2"]
[EventCountry "GER"]
[SourceTitle "Telechess CBM 145"]
[Source "Chessbase"]
[SourceDate "2011.11.11"]
[SourceVersion "1"]
[SourceVersionDate "2011.11.11"]
[SourceQuality "1"]

1. b3 d5 2. Bb2 Bg4 3. h3 Bh5 4. g4 Bg6 5. Bg2 Nf6 6. f4 e6 7. Nf3 Nc6 8. Nc3 d4 9. Nb5 Bc5 10. c3 dxc3 11. Bxc3 0-0 12. d4 Bb6 13. e3 Nd5 14. Bd2 Ncb4 15. Bxb4 Nxb4 16. Kf2 a6 17. Nc3 c5 18. Ne2 cxd4 19. Nfxd4 Qh4+ 20. Kg1 Rfd8 21. Qe1 Qe7 22. Qf2 Nd3 23. Qg3 e5 24. fxe5 Nxe5 25. Bxb7 Qxb7 26. Qxe5 Bc7 27. Qg5 Rd5 28. Nf5 Rd2 0-1

[Event "RE-2011-0-00064"]
[Site "LSS email"]
[Date "2011.06.03"]
[Round "?"]
[White "Lewis, Jerome A"]
[Black "Parker, Steph"]
[Result "0-1"]
[WhiteElo "1143"]
[BlackElo "1373"]
[PlyCount "50"]
[EventDate "2011.04.09"]
[EventType "tourn (corr)"]
[EventRounds "6"]
[EventCountry "GER"]
[SourceTitle "Telechess CBM 147"]
[Source "ChessBase"]
[SourceDate "2012.03.16"]
[SourceVersion "1"]
[SourceVersionDate "2012.03.16"]
[SourceQuality "1"]

1. d4 Nf6 2. Nc3 d5 3. Bg5 c5 4. Bxf6 gxf6 5. e3 cxd4 6. Qxd4 e6 7. g4 Bd7 8. Nf3 Nc6 9. Qd2 Ne5 10. Nxe5 fxe5 11. h4 Rc8 12. a3 Qb6 13. Rb1 Bc6 14. Bg2 Rg8 15. g5 h6 16. e4 d4 17. Nd5 exd5 18. exd5 Ba4 19. Be4 hxg5 20. hxg5 Bxa3 21. 0-0 Be7 22. f4 d3+ 23. Kg2 Rxc2 24. Rf2 Rxd2 25. Rxd2 Qe3 0-1

[Event "ZL-2011-0-00929"]
[Site "LSS email"]
[Date "2011.06.01"]
[Round "?"]
[White "Hickl, Norbert"]
[Black "Parker, Steph"]
[Result "1-0"]
[WhiteElo "1288"]
[BlackElo "1373"]
[PlyCount "89"]
[EventDate "2011.05.23"]
[EventType "match (corr)"]
[EventRounds "2"]
[EventCountry "GER"]
[SourceTitle "Telechess CBM 145"]
[Source "Chessbase"]
[SourceDate "2011.11.11"]
[SourceVersion "1"]
[SourceVersionDate "2011.11.11"]
[SourceQuality "1"]

1. c4 c5 2. g3 g6 3. Bg2 Bg7 4. Nc3 Nc6 5. Nf3 d6 6. 0-0 e5 7. d3 Nge7 8. e4 0-0 9. h3 h6 10. a3 a5 11. Rb1 f5 12. Kh2 fxe4 13. Nxe4 Nf5 14. Bd2 Be6 15. Nc3 Kh8 16. Qe1 g5 17. Qe4 Nfe7 18. Qe2 Qe8 19. Nb5 Qd7 20. b4 axb4 21. axb4 cxb4 22. Bxb4 Nxb4 23. Rxb4 Nc6 24. Rbb1 Ra6 25. Nd2 Ra2 26. Qe1 Bf6 27. Qe3 Be7 28. Ne4 Kg7 29. Nec3 Ra6 30. Nd5 Bd8 31. Qe2 g4 32. hxg4 Bxg4 33. f3 Be6 34. f4 Bg4 35. Qb2 Kg8 36. fxe5 Rxf1 37. Rxf1 Nxe5 38. d4 Nf7 39. Qf2 h5 40. Nbc3 Ra5 41. Ne4 Qe6 42. Nxd6 Ra1 43. Qxf7+ Qxf7 44. Rxf7 Ra2 45. Ne3 1-0

[Event "RE-2011-0-00064"]
[Site "LSS email"]
[Date "2011.05.30"]
[Round "?"]
[White "Parker, Steph"]
[Black "Lind, Anders"]
[Result "1/2-1/2"]
[WhiteElo "1373"]
[BlackElo "1345"]
[PlyCount "55"]
[EventDate "2011.04.09"]
[EventType "tourn (corr)"]
[EventRounds "6"]
[EventCountry "GER"]
[SourceTitle "Telechess CBM 147"]
[Source "ChessBase"]
[SourceDate "2012.03.16"]
[SourceVersion "1"]
[SourceVersionDate "2012.03.16"]
[SourceQuality "1"]

1. e4 c6 2. d4 d5 3. exd5 cxd5 4. Bd3 Nc6 5. c3 Nf6 6. Bf4 Qb6 7. Qc2 Nh5 8. Be3 Qc7 9. Nf3 Nf4 10. Bxf4 Qxf4 11. Nbd2 e6 12. 0-0 Bd6 13. Rfe1 Qh6 14. h4 0-0 15. Ng5 Qxh4 16. Ndf3 Qh6 17. Bxh7+ Kh8 18. Bd3 e5 19. dxe5 Nxe5 20. Rxe5 Bxe5 21. Nxf7+ Rxf7 22. Nxe5 Rf6 23. Ng6+ Kg8 24. Ne7+ Kh8 25. Nxd5 Rd6 26. Ne7 Be6 27. Ng6+ Kg8 28. Ne7+ 1/2-1/2

[Event "ZL-2011-0-00921"]
[Site "LSS email"]
[Date "2011.05.20"]
[Round "?"]
[White "Parker, Steph"]
[Black "Winter, Malcolm J"]
[Result "1-0"]
[WhiteElo "1340"]
[BlackElo "1104"]
[PlyCount "49"]
[EventDate "2011.05.15"]
[EventType "match (corr)"]
[EventRounds "2"]
[EventCountry "GER"]
[SourceTitle "Telechess CBM 145"]
[Source "Chessbase"]
[SourceDate "2011.11.11"]
[SourceVersion "1"]
[SourceVersionDate "2011.11.11"]
[SourceQuality "1"]

1. Nf3 Nf6 2. g3 d5 3. Bg2 g6 4. 0-0 Bg7 5. d4 0-0 6. c4 c6 7. cxd5 cxd5 8. Nc3 Nc6 9. Ne5 e6 10. Bg5 Bd7 11. Ng4 h6 12. Nxh6+ Kh7 13. Ng4 Nb8 14. e4 e5 15. Nxe5 Qb6 16. Nxd7 Nbxd7 17. e5 Nh5 18. Nxd5 Qxb2 19. g4 f6 20. gxh5 fxg5 21. hxg6+ Kh6 22. Qg4 Qb5 23. Qh3+ Kxg6 24. Be4+ Kf7 25. e6+ 1-0

[Event "SE-2011-0-00072"]
[Site "LSS email"]
[Date "2011.05.15"]
[Round "?"]
[White "Brzeszkiewicz, Edmund"]
[Black "Parker, Steph"]
[Result "1-0"]
[WhiteElo "1691"]
[BlackElo "1454"]
[PlyCount "55"]
[EventDate "2011.03.13"]
[EventType "tourn (corr)"]
[EventRounds "6"]
[EventCountry "GER"]
[SourceTitle "Telechess CBM 149"]
[Source "ChessBase"]
[SourceDate "2012.07.17"]
[SourceVersion "1"]
[SourceVersionDate "2012.07.17"]
[SourceQuality "1"]

1. e4 e6 2. d4 d5 3. Nc3 Nf6 4. e5 Nfd7 5. f4 c5 6. Nf3 Nc6 7. Be3 cxd4 8. Nxd4 Bc5 9. Qd2 0-0 10. 0-0-0 Nxd4 11. Bxd4 b6 12. h4 f6 13. exf6 Bxd4 14. Qxd4 Qxf6 15. g3 Nc5 16. Qxf6 Rxf6 17. Bh3 Bb7 18. Rhe1 a5 19. a3 a4 20. Nb5 Rd8 21. Nd4 Re8 22. Re5 Kf7 23. Nf3 Bc6 24. Ng5+ Ke7 25. Nxh7 Rg6 26. Ng5 Kf8 27. Rde1 Re7 28. Bxe6 1-0

[Event "SE-2011-0-00072"]
[Site "LSS email"]
[Date "2011.05.12"]
[Round "?"]
[White "Parker, Steph"]
[Black "Cimicki, Dariusz"]
[Result "0-1"]
[WhiteElo "1454"]
[BlackElo "1900"]
[PlyCount "86"]
[EventDate "2011.03.13"]
[EventType "tourn (corr)"]
[EventRounds "6"]
[EventCountry "GER"]
[SourceTitle "Telechess CBM 149"]
[Source "ChessBase"]
[SourceDate "2012.07.17"]
[SourceVersion "1"]
[SourceVersionDate "2012.07.17"]
[SourceQuality "1"]

1. Nf3 d5 2. g3 Nf6 3. Bg2 c6 4. 0-0 Bf5 5. d3 e6 6. Nbd2 h6 7. Qe1 Be7 8. e4 Bh7 9. Qe2 0-0 10. b3 a5 11. a4 Na6 12. Bb2 Nb4 13. Rfc1 Re8 14. Ne5 Qc7 15. f4 Qb6+ 16. Kh1 Bc5 17. c3 Na6 18. d4 Bf8 19. c4 Bb4 20. exd5 exd5 21. Nf1 Rad8 22. Ne3 dxc4 23. N3xc4 Qc7 24. Ne3 Qe7 25. Bf3 Nd5 26. Nxd5 cxd5 27. Qb5 Be4 28. Bxe4 dxe4 29. Qe2 Qe6 30. Qe3 f6 31. Ng6 Bd6 32. Bc3 b6 33. Nh4 Nc7 34. Qe2 e3 35. Ng2 Nd5 36. Bb2 g5 37. fxg5 fxg5 38. Rf1 Rf8 39. Rac1 Qe4 40. Kg1 Bb4 41. h4 gxh4 42. Nxh4 Bd2 43. Ra1 Rf2 0-1

[Event "LSS No Engine Cup 42 Preliminary 1"]
[Site "LSS email"]
[Date "2011.05.07"]
[Round "?"]
[White "Lonyuk, Bohdan"]
[Black "Parker, Steph"]
[Result "0-1"]
[WhiteElo "1035"]
[BlackElo "1454"]
[PlyCount "62"]
[EventDate "2011.05.08"]
[EventType "tourn (corr)"]
[EventRounds "6"]
[EventCountry "GER"]
[SourceTitle "Telechess CBM 151"]
[Source "ChessBase"]
[SourceDate "2012.11.13"]
[SourceVersion "1"]
[SourceVersionDate "2012.11.13"]
[SourceQuality "1"]

1. e4 e6 2. d4 d5 3. Nd2 dxe4 4. Nxe4 Nd7 5. Nf3 Ngf6 6. Nxf6+ Nxf6 7. c3 c5 8. Ne5 Qc7 9. Bf4 Bd6 10. Bb5+ Bd7 11. Nxd7 Nxd7 12. Bxd6 Qxd6 13. dxc5 Qe5+ 14. Kf1 0-0-0 15. Qd4 Qxd4 16. cxd4 Nf6 17. Rd1 a6 18. Be2 Rd7 19. b4 Rhd8 20. c6 bxc6 21. Bxa6+ Kc7 22. f3 Rxd4 23. Rxd4 Rxd4 24. Ke2 Rxb4 25. Ra1 Nd5 26. Bd3 Nf4+ 27. Ke3 Nxg2+ 28. Kf2 Rb2+ 29. Kg3 g5 30. Bxh7 Nf4 31. Kg4 Rg2# 0-1

[Event "SE-2011-0-00071"]
[Site "LSS email"]
[Date "2011.05.03"]
[Round "?"]
[White "Parker, Steph"]
[Black "Stuart, Keith"]
[Result "1-0"]
[WhiteElo "1454"]
[BlackElo "1186"]
[PlyCount "35"]
[EventDate "2011.03.03"]
[EventType "tourn (corr)"]
[EventRounds "6"]
[EventCountry "GER"]
[SourceTitle "Telechess CBM 149"]
[Source "ChessBase"]
[SourceDate "2012.07.17"]
[SourceVersion "1"]
[SourceVersionDate "2012.07.17"]
[SourceQuality "1"]

1. Nf3 d5 2. g3 Nc6 3. Bg2 e5 4. 0-0 Nf6 5. d3 g6 6. Nc3 d4 7. Na4 Bg4 8. c3 b5 9. Bg5 Bg7 10. cxd4 exd4 11. Rc1 Nb4 12. Ne5 0-0 13. Nxg4 Nxa2 14. Rc6 bxa4 15. Nxf6+ Bxf6 16. Bxf6 Qd7 17. Qd2 Rfe8 18. Qh6 1-0

[Event "SE-2011-0-00071"]
[Site "LSS email"]
[Date "2011.05.03"]
[Round "?"]
[White "Schalkwijk, Peter H"]
[Black "Parker, Steph"]
[Result "0-1"]
[WhiteElo "1403"]
[BlackElo "1454"]
[PlyCount "70"]
[EventDate "2011.03.03"]
[EventType "tourn (corr)"]
[EventRounds "6"]
[EventCountry "GER"]
[SourceTitle "Telechess CBM 149"]
[Source "ChessBase"]
[SourceDate "2012.07.17"]
[SourceVersion "1"]
[SourceVersionDate "2012.07.17"]
[SourceQuality "1"]

1. d4 Nf6 2. Nf3 e6 3. c4 b6 4. a3 Bb7 5. Nc3 d5 6. Bg5 Be7 7. Qa4+ c6 8. Bxf6 Bxf6 9. cxd5 exd5 10. g3 0-0 11. Bg2 Re8 12. 0-0 Qd7 13. Rac1 Na6 14. b4 Nc7 15. Qc2 Qg4 16. e4 dxe4 17. Ne5 Bxe5 18. dxe5 Rxe5 19. Nxe4 Qg6 20. f4 Ree8 21. f5 Qh6 22. f6 Rad8 23. fxg7 Nd5 24. Qf2 Qxg7 25. Rcd1 Ba6 26. Rfe1 Re6 27. Bh3 Re5 28. Kg2 f5 29. Bxf5 Rf8 30. Nf6+ Qxf6 31. Bxh7+ Kg7 32. Qxf6+ Kxf6 33. Rxe5 Kxe5 34. Re1+ Kd4 35. Rd1+ Kc3 0-1

[Event "LSS RF-2011-0-00078"]
[Site "LSS email"]
[Date "2011.04.30"]
[Round "?"]
[White "Raines, David T"]
[Black "Parker, Steph"]
[Result "0-1"]
[WhiteElo "967"]
[BlackElo "1267"]
[PlyCount "46"]
[EventDate "2011.03.18"]
[EventType "tourn (corr)"]
[EventRounds "6"]
[EventCountry "GER"]
[SourceTitle "Telechess CBM 145"]
[Source "Chessbase"]
[SourceDate "2011.11.11"]
[SourceVersion "1"]
[SourceVersionDate "2011.11.11"]
[SourceQuality "1"]

1. Nf3 Nf6 2. d4 g6 3. g3 Bg7 4. Bg2 0-0 5. 0-0 d5 6. c4 dxc4 7. Na3 Nc6 8. Nxc4 Be6 9. b3 Bd5 10. Bb2 Ne4 11. a4 Nd6 12. Rc1 Re8 13. Qd2 Nxc4 14. bxc4 Bxf3 15. Bxf3 Bxd4 16. Bxc6 Bxf2+ 17. Kxf2 Qxd2 18. Bc3 Qd6 19. Bxe8 Qc5+ 20. Kg2 Rxe8 21. Ba1 Qc6+ 22. Kg1 Qxa4 23. Rf2 Rd8 0-1

[Event "SF-2011-0-00094"]
[Site "LSS email"]
[Date "2011.04.28"]
[Round "?"]
[White "O'Brien, Glenn"]
[Black "Parker, Steph"]
[Result "0-1"]
[WhiteElo "1261"]
[BlackElo "1459"]
[PlyCount "58"]
[EventDate "2011.03.24"]
[EventType "tourn (corr)"]
[EventRounds "6"]
[EventCountry "GER"]
[SourceTitle "Telechess CBM 157"]
[Source "ChessBase"]
[SourceDate "2013.11.12"]
[SourceVersion "1"]
[SourceVersionDate "2013.11.12"]
[SourceQuality "1"]

1. e4 e6 2. d4 d5 3. Nc3 Nf6 4. Bg5 Be7 5. e5 Nfd7 6. Bxe7 Qxe7 7. f4 0-0 8. Qd2 c5 9. Nf3 Nc6 10. 0-0-0 a6 11. Re1 b5 12. Ne2 Bb7 13. c3 a5 14. f5 b4 15. Nf4 bxc3 16. bxc3 cxd4 17. cxd4 Rfc8 18. Kb1 Nb4 19. Bd3 Nxd3 20. Qxd3 Ba6 21. Qd2 Nb6 22. Ka1 Nc4 23. Qf2 Qa3 24. Rc1 Rab8 25. Rc2 Ne3 26. Rb2 Bf1 27. Rxf1 Nxf1 28. Rxb8 Rxb8 29. Qc2 Ne3 0-1